|
|
|
|
| LEADER |
01007cam a2200265 7i4500 |
| 001 |
0000023830 |
| 005 |
20240105090000.0 |
| 008 |
090506 eng |
| 020 |
|
|
|a 9780194377638
|
| 020 |
|
|
|a 0194377601 (pbk. ; student's book 3)
|
| 020 |
|
|
|a 9780194377607
|
| 020 |
|
|
|a 0194377636 (pbk. : teacher's book 3)
|
| 090 |
0 |
0 |
|a PE1065
|b .N65 2001
|
| 100 |
1 |
|
|a Halliwell, Helen
|
| 245 |
1 |
0 |
|a Twist!
|c Helen Halliwell, Rob Nolasco.
|
| 260 |
|
|
|a Oxford:
|b Oxford University Press,
|c 2001.
|
| 300 |
|
|
|a xvii, 107 p.:
|b ill.;
|c 30 cm..
|
| 501 |
|
|
|a Twist! : student's books / Rob Nolasco
|
| 650 |
0 |
0 |
|a English language --
|x Study and teaching (Secondary) --
|x Foreign speakers
|
| 650 |
0 |
0 |
|a English language
|
| 700 |
1 |
|
|a Nolasco, Rob
|
| 997 |
|
|
|a Education & Social Sciences, Faculty
|b Language Education, Department
|
| 998 |
|
|
|a TESL, Diploma
|
| 999 |
|
|
|a 0000021886
|b BOK
|c OPEN SHELF
|e 1st Floor, Bestari Jaya
|
| 999 |
|
|
|a KIT0000375
|b KIT
|c OPEN SHELF
|e Circulation Counter, Bestari Jaya
|